000 03710nam0a2200445 4500
001 RU\NLR\bibl\975314
005 20260407062829.0
010 _a5-484-00498-5
021 _aRU
_b2006-35994
_91803
035 _a(NLR Aleph) 000963239
035 _a(nilc)RSL-KNO-002896449
090 _a352780
_c352780
100 _a20060614d2006 u y0rusy50 ca
101 0 _arus
_afre
102 _aRU
105 _aa |||||||||
106 _ar
200 1 _aСравнительная типология французского и русского языков
_eучебник для студентов педагогических институтов по специальности N° 2103 "Иностранные языки"
_fВ.Г. Гак
205 _aИзд. 3-е, стер.
210 _aМосква
_cURSS
_cКомКнига
_d2006
_eМ.
_gЛЕНАНД
215 _a287 с.
_cил., табл.
_d22
225 1 _aИз лингвистического наследия В.Г. Гака
300 _aНа обл. загл. сер.: Из лингвистического наследия
300 _aНа 1-й с. обл. авт.: В.Г. Гак - д.филол.н., проф., засл. деят. науки РФ
320 _aБиблиогр.: с. 278-280 и в подстроч. прим.
606 1 _aФранцузский язык
_jУчебники для высших учебных заведений
_xСравнительное изучение
_xРусский язык
_91885675
_3RU\NLR\auth\661147590
606 1 _aРусский язык
_jУчебники для высших учебных заведений
_xСравнительное изучение
_xФранцузский язык
_91590727
_3RU\NLR\auth\66997837
610 0 _aФилологические науки. Художественная литература -- Языкознание -- Общее языкознание -- Общетеоретические проблемы -- Общность языков -- Типология языков -- Учебные пособия для высшей школы
610 0 _aФилологические науки. Художественная литература -- Языкознание -- Индоевропейские языки -- Романские языки -- Галло-романские языки -- Французский язык -- Преподавание и методика изучения языка -- Учебники и учебные пособия общего характера -- Учебные пособия для высшей школы -- Учебные пособия для языковых учебных заведений
610 0 _aФилологические науки. Художественная литература -- Языкознание -- Индоевропейские языки -- Славянские языки -- Восточнославянские языки -- Русский язык -- Преподавание и методика изучения языка -- Учебники и учебные пособия общего характера -- Учебные пособия для высшей школы -- Учебные пособия для языковых учебных заведений
686 1 _aШ147.11в.я7
686 1 _aШ141.12в.я7
700 1 _4070
_8rus
_7ca
_aГак
_bВ.Г.
_f1924-2004
_gВладимир Григорьевич
_3RU\NLR\auth\7713061
_9122767
801 0 _aRU
_bРКП
_c20060614
_grcr
801 1 _aRU
_bРГБ
_c20060614
801 2 _aRU
_bNLR
_c20060816
_grcr
942 _cBOOK
980 _aNB